000 00693nam a2200193 i 4500
001 159465
003 ES-MaACL
005 20251012063055.0
008 990413s1886 ck |||| | spa d
040 _aCCPB | B
_bspa
_cCCPB | B
100 1 _aMerchán, Rafael María,
_d1844-1905
_980454
245 1 0 _aEstudios críticos /
_cpor Rafael M. Merchán.
260 _aBogotá :
_b[s.n.],
_c1886 (
_fImprenta de "La Luz")
300 _a[8], 712, [2] p. ;
_c19 cm.
597 _aAntep.
597 _aPort., antep. y texto enmarcados.
852 _aES-MaACL
_jG-7563
_z-- Enc. ed. en tela negra con hierros dorados
_z-- Donativo del autor al Ateneo de Madrid
999 _c159465
_d159465